Advances in services marketing and management (Record no. 83739)

MARC details
000 -LEADER
fixed length control field 00790nam a2200193 a 4500
008 - FIXED-LENGTH DATA ELEMENTS--GENERAL INFORMATION
fixed length control field 120416s0000 ||||||||||||||||| || u
020 ## - INTERNATIONAL STANDARD BOOK NUMBER
International Standard Book Number 1559387262
050 ## - LIBRARY OF CONGRESS CALL NUMBER
Classification number HF 5415.2 Adv
100 ## - MAIN ENTRY--PERSONAL NAME
Personal name Bowen, David E
245 10 - TITLE STATEMENT
Title Advances in services marketing and management
246 ## -
-- research and practice
260 ## - PUBLICATION, DISTRIBUTION, ETC.
Place of publication, distribution, etc. Greenwich, Connecticut
Name of publisher, distributor, etc. JAI Press
Date of publication, distribution, etc. 1993/94
300 ## - PHYSICAL DESCRIPTION
Extent 2 Vols.
350 ## -
-- 0.00
700 ## - ADDED ENTRY--PERSONAL NAME
Personal name Swartz, Teresa A
700 ## - ADDED ENTRY--PERSONAL NAME
Personal name Brown, Stephen W
995 ## -
-- MAIN LIBRARY OPEN ACCESS
-- 0.00
-- 727184
-- CBU-MAIN LIBRARY (Kitwe)
-- 1
-- 49.95
-- HF 5415.2 Adv
-- AVAILABLE
-- 000018
-- Main Library Open Access Collection
995 ## -
-- MAIN LIBRARY OPEN ACCESS
-- 0.00
-- 000062
-- CBU-MAIN LIBRARY (Kitwe)
-- 2
-- 49.95
-- HF 5415.2 Adv
-- AVAILABLE
-- 000062
-- Main Library Open Access Collection
999 ## -
-- 83739
-- 83739
Holdings
Withdrawn status Lost status Source of classification or shelving scheme Damaged status Not for loan Permanent Location Current Location Shelving location Date acquired Total Checkouts Full call number Barcode Date last seen Copy number Price effective from Koha item type
          CBU-MAIN LIBRARY, KITWE. CBU-MAIN LIBRARY, KITWE.   01/08/2024   HF 5415.2 Adv 000018 01/08/2024 1 01/08/2024 MONOGRAPH
          CBU-MAIN LIBRARY, KITWE. CBU-MAIN LIBRARY, KITWE.   01/08/2024   HF 5415.2 Adv 000062 01/08/2024 2 01/08/2024 MONOGRAPH